| 000 | 00624nam a2200229Ia 4500 | ||
|---|---|---|---|
| 001 | 231 | ||
| 005 | 20251203123020.0 | ||
| 008 | 251203t2005||||xx |||||||||||||| ||spa|| | ||
| 020 | _a9972350207 | ||
| 041 | _aESP | ||
| 082 |
_aRT 912 _bR42 |
||
| 110 | _aGrupo la República | ||
| 245 | 0 |
_aGran atlas universal _b |
|
| 260 |
_aLima : _bLa República, _c2005 |
||
| 300 |
_a695 páginas : _b ilustraciones, mapas ; _c 34 cm. _e |
||
| 440 |
_a _n _v |
||
| 500 | _aEn la cubierta : "La tierra vista desde el satélite" | ||
| 650 | _aGEH | ||
| 653 | _aGeografía histórica; Atlas | ||
| 654 | _aCTP | ||
| 942 |
_cLIB _dJUS _fTRC _2ddc _n |
||
| 999 |
_c231 _d231 |
||